| 000 | 00377nam a2200145Ia 4500 | ||
|---|---|---|---|
| 008 | 240624s9999 xx 000 0 und d | ||
| 041 | _aeng | ||
| 082 | _a006.312 LAR | ||
| 100 | _aLAROSE DANIEL T | ||
| 245 | _aDATA MINING AND PREDICTIVE ANALYTICS | ||
| 250 | _a(2nd ed.) | ||
| 260 |
_c2016 _aNew Delhi _bWiley India |
||
| 300 | _axxix, : 794. : cm. ; 23 | ||
| 365 |
_cRS _b27.5 |
||
| 999 |
_c27736 _d27736 |
||